El régimen de internaciones de niñas, niños y adolescentes en el Código Civil y Comercial de la Nación (Registro nro. 32785)
[ vista simple ]
| 000 -LEADER | |
|---|---|
| fixed length control field | 00421 a2200109 4500 |
| 001 - CONTROL NUMBER | |
| control field | ART_41049 |
| 005 - DATE AND TIME OF LATEST TRANSACTION | |
| control field | 20260410162017.0 |
| 008 - FIXED-LENGTH DATA ELEMENTS--GENERAL INFORMATION | |
| fixed length control field | 260409a |
| 100 1# - MAIN ENTRY--PERSONAL NAME | |
| Personal name | Olmo, Juan P. |
| 245 10 - TITLE STATEMENT | |
| Title | El régimen de internaciones de niñas, niños y adolescentes en el Código Civil y Comercial de la Nación |
| 773 0# - HOST ITEM ENTRY | |
| Title | Temas de derecho de familia, sucesiones y bioética |
| Related parts | - Año 1, Nº 11 (nov. 2016) |
| Record control number | REV41029 |
No hay ítems disponibles.